<?xml version="1.0" encoding="UTF-8"?><marc:collection xmlns:marc="http://www.loc.gov/MARC21/slim">
  <marc:record>
    <marc:leader>00000nam##2200000za#4500</marc:leader>
    <marc:controlfield tag="001">9.571649</marc:controlfield>
    <marc:controlfield tag="003">CaOODSP</marc:controlfield>
    <marc:controlfield tag="005">20211126112844</marc:controlfield>
    <marc:controlfield tag="007">cr |||||||||||</marc:controlfield>
    <marc:controlfield tag="008">150406|1996||||xxc|||||o    f|0| 0 eng|d</marc:controlfield>
    <marc:datafield tag="022" ind1=" " ind2=" ">
      <marc:subfield code="a">1701-9397</marc:subfield>
    </marc:datafield>
    <marc:datafield tag="040" ind1=" " ind2=" ">
      <marc:subfield code="a">CaOODSP</marc:subfield>
      <marc:subfield code="b">eng</marc:subfield>
    </marc:datafield>
    <marc:datafield tag="043" ind1=" " ind2=" ">
      <marc:subfield code="a">n-cn---</marc:subfield>
    </marc:datafield>
    <marc:datafield tag="086" ind1="1" ind2=" ">
      <marc:subfield code="a">FB3-2/96-2E-PDF</marc:subfield>
    </marc:datafield>
    <marc:datafield tag="110" ind1="2" ind2=" ">
      <marc:subfield code="a">Bank of Canada.</marc:subfield>
    </marc:datafield>
    <marc:datafield tag="245" ind1="1" ind2="0">
      <marc:subfield code="a">Decomposing U.S. nominal interest rates into expected inflation and ex ante real interest rates using structural VAR methodology / </marc:subfield>
      <marc:subfield code="h">[electronic resource]</marc:subfield>
      <marc:subfield code="c">by Pierre St-Amant. </marc:subfield>
    </marc:datafield>
    <marc:datafield tag="260" ind1=" " ind2=" ">
      <marc:subfield code="a">Ottawa - Ontario : </marc:subfield>
      <marc:subfield code="b">Bank of Canada </marc:subfield>
      <marc:subfield code="c">January 1996.</marc:subfield>
    </marc:datafield>
    <marc:datafield tag="300" ind1=" " ind2=" ">
      <marc:subfield code="a">28p.</marc:subfield>
      <marc:subfield code="b">graphs, tables</marc:subfield>
    </marc:datafield>
    <marc:datafield tag="490" ind1="1" ind2=" ">
      <marc:subfield code="a">Bank of Canada working paper</marc:subfield>
      <marc:subfield code="x">1701-9397</marc:subfield>
      <marc:subfield code="v">96-2</marc:subfield>
    </marc:datafield>
    <marc:datafield tag="500" ind1=" " ind2=" ">
      <marc:subfield code="a">"In this paper, the author uses structural vector autoregression methodology to decompose U.S. nominal interest rates into an expected inflation component and an ex ante real interest rate component. He identifies inflation expectations and ex ante real interest rate shocks by assuming that nominal interest rates and inflation expectations move one-for-one in the long-run -- they are cointegrated (1,1) -- and that the real interest rate is stationary."--Abstract.</marc:subfield>
    </marc:datafield>
    <marc:datafield tag="500" ind1=" " ind2=" ">
      <marc:subfield code="a">The ISBN (0-662-24127-4) and ISSN (1192-5434) for the print edition have been incorrectly copied in this electronic publication.</marc:subfield>
    </marc:datafield>
    <marc:datafield tag="504" ind1=" " ind2=" ">
      <marc:subfield code="a">Bibliography.</marc:subfield>
    </marc:datafield>
    <marc:datafield tag="520" ind1="3" ind2=" ">
      <marc:subfield code="a">In this paper, the author uses structural vector autoregression methodology to decompose U.S. nominal interest rates into an expected inflation component and an ex ante real interest rate component. He identifies inflation expectations and ex ante real interest rate shocks by assuming that nominal interest rates and inflation expectations move one-for-one in the long-run -- they are cointegrated (1,1) -- and that the real interest rate is stationary.--Abstract</marc:subfield>
    </marc:datafield>
    <marc:datafield tag="546" ind1=" " ind2=" ">
      <marc:subfield code="a">Résumé en français.</marc:subfield>
    </marc:datafield>
    <marc:datafield tag="590" ind1=" " ind2=" ">
      <marc:subfield code="a">11-19-Supp</marc:subfield>
      <marc:subfield code="b">2011-09-23</marc:subfield>
    </marc:datafield>
    <marc:datafield tag="690" ind1="0" ind2="7">
      <marc:subfield code="a">Interest rates</marc:subfield>
      <marc:subfield code="2">gcpds</marc:subfield>
    </marc:datafield>
    <marc:datafield tag="720" ind1="1" ind2=" ">
      <marc:subfield code="a">St-Amant, Pierre</marc:subfield>
    </marc:datafield>
    <marc:datafield tag="776" ind1="0" ind2="#">
      <marc:subfield code="t">Decomposing U.S. nominal interest rates into expected inflation and ex ante real interest rates using structural VAR methodology / </marc:subfield>
      <marc:subfield code="w">(CaOODSP)9.612827</marc:subfield>
    </marc:datafield>
    <marc:datafield tag="830" ind1="#" ind2="0">
      <marc:subfield code="a">Working paper (Bank of Canada)</marc:subfield>
      <marc:subfield code="x">1701-9397</marc:subfield>
      <marc:subfield code="v">96-2</marc:subfield>
      <marc:subfield code="w">(CaOODSP)9.504604</marc:subfield>
    </marc:datafield>
    <marc:datafield tag="856" ind1="4" ind2="0">
      <marc:subfield code="a">http://publications.gc.ca</marc:subfield>
      <marc:subfield code="q">PDF</marc:subfield>
      <marc:subfield code="s">272 KB</marc:subfield>
      <marc:subfield code="u">https://publications.gc.ca/collections/Collection/FB3-2-96-2E.pdf</marc:subfield>
      <marc:subfield code="y">96-2</marc:subfield>
    </marc:datafield>
  </marc:record>
</marc:collection>
